| 000 | 00466 a2200145 4500 | ||
|---|---|---|---|
| 999 |
_c4200 _d4200 |
||
| 020 | _a8176297933 | ||
| 050 | _aRA1148 KAU 2006 | ||
| 100 |
_aKaur, Rajpal _eauthor |
||
| 245 |
_aForensic psychology : _bnew trends and innovations / _cRajpal Kaur |
||
| 264 |
_aNew Delhi : _bDeep & Deep Publications Pvt Ltd, _cc2006 |
||
| 300 | _axii, 304p. : | ||
| 500 | _aIncludes bibliographical references and index | ||
| 650 | _aForensic psychology | ||
| 942 |
_2lcc _cBK _h1148 _iKAU _kRA |
||